[Event "Frankfurt-chA"]
[Site "Frankfurt"]
[Date "2018.05.07"]
[Round "2"]
[White "Viol, Julius"]
[Black "Gade, Bernt"]
[Result "1-0"]
[WhiteElo "1675"]
[BlackElo "1495"]
[PlyCount "79"]
[EventDate "2018.04.30"]
[EventType "swiss"]
[EventRounds "7"]
[EventCountry "GER"]
[SourceTitle "EXT 2019"]
[Source "ChessBase"]
[SourceDate "2018.10.10"]
[SourceVersion "1"]
[SourceVersionDate "2018.10.10"]
[SourceQuality "1"]

1. Nf3 Nf6 2. d4 d5 3. c4 dxc4 4. e3 e6 5. Bxc4 c5 6. 0-0 a6 7. a4 cxd4 8. exd4 Be7 9. Qe2 0-0 10. Rd1 Nbd7 11. Nc3 Nb6 12. Ba2 Nbd5 13. Bg5 b6 14. Nxd5 exd5 15. Ne5 Bb7 16. Rac1 h6 17. Bh4 g5 18. Bg3 Rc8 19. Bb1 Ne4 20. Qh5 Kg7 21. Ng4 Rh8 22. Ne5 Qe8 23. Rxc8 Bxc8 24. Bxe4 dxe4 25. Rc1 Be6 26. Nc6 Bf6 27. Qe2 Qc8 28. Rc3 Qa8 29. Qxe4 Rc8 30. Be5 Bxe5 31. Qxe5+ Kh7 32. d5 Bd7 33. Qe7 Re8 34. Qxf7+ Kh8 35. Qf6+ Kh7 36. Re3 Rxe3 37. fxe3 Qg8 38. Ne5 Bxa4 39. Qf5+ Kh8 40. Qg6 1-0

[Event "Frankfurt-chA"]
[Site "Frankfurt"]
[Date "2018.04.30"]
[Round "1"]
[White "Gade, Bernt"]
[Black "Gutacker, Stephan"]
[Result "0-1"]
[WhiteElo "1495"]
[BlackElo "1854"]
[PlyCount "82"]
[EventDate "2018.04.30"]
[EventType "swiss"]
[EventRounds "7"]
[EventCountry "GER"]
[SourceTitle "EXT 2019"]
[Source "ChessBase"]
[SourceDate "2018.10.10"]
[SourceVersion "1"]
[SourceVersionDate "2018.10.10"]
[SourceQuality "1"]

1. e4 e5 2. Nf3 Nc6 3. Bb5 Bc5 4. 0-0 d6 5. h3 Nf6 6. Re1 0-0 7. c3 a6 8. Ba4 b5 9. Bc2 h6 10. d4 Bb6 11. Be3 exd4 12. cxd4 Re8 13. d5 Bxe3 14. Rxe3 Ne5 15. Nbd2 Ng6 16. Nd4 Bd7 17. a4 Qb8 18. axb5 Bxb5 19. N2b3 Ne5 20. Na5 Nc4 21. Nxc4 Bxc4 22. b3 Bb5 23. Bd3 Qb6 24. Bxb5 axb5 25. Rxa8 Rxa8 26. Qd3 Ra1+ 27. Kh2 Qc5 28. Ne2 Rf1 29. Qc3 Rxf2 30. Qxc5 dxc5 31. Nc3 b4 32. Nb5 Ne8 33. e5 Rd2 34. Nxc7 Nxc7 35. d6 Ne6 36. Kg3 Rd4 37. Kf3 Kf8 38. Ke2 Ke8 39. g3 Kd7 40. Rd3 Re4+ 41. Kf2 Rxe5 0-1

[Event "Hofheim Spring op-B 6th"]
[Site "Hofheim"]
[Date "2018.04.04"]
[Round "2"]
[White "Gade, Bernt"]
[Black "Marsland, Stephen J"]
[Result "1/2-1/2"]
[WhiteElo "1643"]
[BlackElo "1900"]
[PlyCount "65"]
[EventDate "2018.04.03"]
[EventType "swiss"]
[EventRounds "9"]
[EventCountry "GER"]
[SourceTitle "EXT 2020"]
[Source "ChessBase"]
[SourceDate "2019.10.17"]
[SourceVersion "1"]
[SourceVersionDate "2019.10.17"]
[SourceQuality "1"]

1. e4 c5 2. Nf3 d6 3. d4 cxd4 4. Nxd4 Nf6 5. Nc3 a6 6. Be2 e5 7. Nb3 Be7 8. 0-0 0-0 9. Be3 Be6 10. f4 Qc7 11. f5 Bc4 12. Bxc4 Qxc4 13. Nd2 Qc6 14. Qf3 Rd8 15. g4 d5 16. g5 d4 17. gxf6 Bxf6 18. Bxd4 Rxd4 19. Rf2 Rd8 20. Nd5 Nd7 21. Qb3 b5 22. Rg2 Rac8 23. Qg3 Kh8 24. c3 Nb6 25. Nxf6 Qxf6 26. Kh1 Nc4 27. Nxc4 Rxc4 28. Rag1 Rg8 29. Qg4 Qc6 30. Re1 f6 31. Re3 Qd7 32. Reg3 Rd8 33. Re3 1/2-1/2

[Event "Frankfurt-chB"]
[Site "Frankfurt"]
[Date "2017.05.29"]
[Round "6"]
[White "Arnold, Jan"]
[Black "Gade, Bernt"]
[Result "0-1"]
[WhiteElo "1114"]
[BlackElo "1447"]
[PlyCount "42"]
[EventDate "2017.04.24"]
[EventType "swiss"]
[EventRounds "7"]
[EventCountry "GER"]
[SourceTitle "EXT 2018"]
[Source "ChessBase"]
[SourceDate "2017.10.13"]
[SourceVersion "1"]
[SourceVersionDate "2017.10.13"]
[SourceQuality "1"]

1. c4 f5 2. Nc3 e5 3. e4 Nf6 4. d3 fxe4 5. Nxe4 Bb4+ 6. Bd2 Bxd2+ 7. Qxd2 0-0 8. Nf3 Nc6 9. Be2 d5 10. Nxf6+ Rxf6 11. cxd5 Qxd5 12. Bd1 Nd4 13. Nxd4 Qxd4 14. Bb3+ Be6 15. Bxe6+ Rxe6 16. Qc3 Rf8 17. 0-0 Qb6 18. Rac1 Rc6 19. Qxe5 Rxc1 20. Qd5+ Kh8 21. Rxc1 Qxf2+ 0-1